02637 a2200181 45000010006000000050017000060080041000230030015000640400040000790800149001192450129002680200018003972640041004153000019004565051927004751000025024027000028024275428520260407155814.0260407a1991 arg spa dAR-UNSa-BCEJYS aAR-UNSa-BCEJYSbspacAR-UNSa-BCEJYS a336.748xPrecios del cambio de monedas. Movimientos de los precios de cambio. Fluctuaciones en los precios de cambio (Inflación, Deflación) 10aLa multiplicación ilegítima de los valores en los juiciospla desvalorización monetaria en la hiperinflación 1989/91 a950-20-0635-6 1aBuenos Aires :bAbeledo Perrotc1991 a125 p.c17 cm. a1. Concepto económico de la desvalorización monetaria – 2. Otros factores de modificación de los precios – 3. Importancia de la moneda después de un proceso hiperinflacionario – 4. Objeto jurídico de la investigación – 5. La nueva doctrina de la Corte Suprema de Justicia de la Nación – 6. Antecedentes jurisprudenciales de esta doctrina – 7. Aplicación de los índices del INDEC – 8. Contradicción y deficiencias de los índices del INDEC – 9. La desvalorización monetaria y la evolución del salario – 10. El fenómeno de la hiperinflación – 11. La indexación de las obligaciones en el periodo de la hiperinflación de 1989/90 – 12. La hiperinflación es un caso fortuito, de fuerza mayor o imprevisible – 13. La competencia jurídica está circunscripta al caso y la sentencia debe resolver el litigio en los términos concretos en que está planteado – 14. Revalorización de las obligaciones del Estado y sus dependencias – 15. Los principios generales aplicables judicialmente para la revalorización de las obligaciones durante la hiperinflación 1989/90 – 16. La desvalorización monetaria y su aplicación en materia de seguros – 17. Los efectos de la hiperinflación en el seguro – 18. Valorización de las inversiones de las reservas por siniestros pendientes. Periodo 30/VI/89 – 31/III/91 – 19. Déficit aproximado entre las inversiones de las reservas de siniestros pendientes, y las obligaciones con los asegurados, al final del periodo 30/VI/89 – 31/III/91 – 20. Análisis de la cuestión desde el punto de vista del derecho de seguros – 21. Examen de la cuestión desde el punto de vista del asegurado y/o del tercero damnificado – 22. La situación del asegurado frente al tercero damnificado – 23. Oportunidad de la petición en la Litis – 24. El caso federal y la cuestión constitucional – 25. Epilogo 1 aArauz Castex, Manuel1 aArauz Castex, Alejandro